000 00200 a2200097 4500
001 4229
100 _aCrouse,W.H
245 _aAutomotive mechanics
260 _a
_bMcgrawhill
_c
090 _c3446
_d3446
942 _aNUST-CAE
_cM
_c27180
999 _c239302
_d239302